000 01263nam a22002537a 4500
005 20121010141910.0
008 121010t xxu||||| |||| 00| 0 mar d
010 _aMAR-22778
020 _c160.00
_a9788192425047
035 _aMR-15436
037 _bDBAD/PUB
040 _aDPL
_bMR
082 _a891.46301
100 _953016
_aगोडबोले, मंगला
245 _aतरी बरं /
_cमंगला गोडबोले
246 _aTari Bara
_bby Mangala Godbole
260 _aमुंबई
_bनवचैतन्य प्रकाशन
_c2012
270 _bमुंबई
_aन्यू गजांत को.ऑप.हौ.सो.लि.ब्लॉक नं. सी / 11,तळमजला,कोसांगोनगर,फ्लायओव्हरखाली,एस्.व्ही.रोड
_e400092
300 _a160पृ
_c21सेमी(अजिल्द)
650 _aमराठी कथासंग्रह
_953689
650 _aMarathi Shot Stories
_953690
942 _2ddc
_cMR
_mगोडबो
_h891.46301
999 _c71546
_d71546